Normal view MARC view

Entry Personal Name

Number of records used in: 1

001 - CONTROL NUMBER

  • control field: 775421

003 - CONTROL NUMBER IDENTIFIER

  • control field: OSt

005 - DATE AND TIME OF LATEST TRANSACTION

  • control field: 20250508163457.0

008 - FIXED-LENGTH DATA ELEMENTS

  • fixed length control field: 250508|| aca||aabn | a|a d

040 ## - CATALOGING SOURCE

  • Original cataloging agency: OSt
  • Transcribing agency: OSt

100 ## - HEADING--PERSONAL NAME

  • Personal name: Khanduri Gitanjali

670 ## - SOURCE DATA FOUND

  • Source citation: Work cat.: (OSt)1383560: Khanduri Gitanjali, Evaluative study of the SAARC (South Asian Association for Regional Cooperation) technical committee on education, 1993
Copyright @ Delhi University Library System